Aspekty využitia informačných a komunikačných technológií ako faktory rozvoja ekonomiky i celej spoločnosti

Politika informatizácie spoločnosti v EÚ. Prínosy vyplývajúce z využitia IKT. Úroveň elektronického podnikania a elektronickej verejnej správy v krajinách EÚ. Aspekty ovplyvňujúce adaptáciu a intenzívnejšie využitie IKT v podnikoch a v celej spoločnosti. Úroveň digitalizácie ekonomík členských krají...

Ausführliche Beschreibung

Gespeichert in:
Bibliographische Detailangaben
1. Verfasser: Benešová, Dana, 1958-
Format: Buchkapitel
Sprache:Slowakisch
Schlagworte:
Tags: Tag hinzufügen
Keine Tags, Fügen Sie das erste Tag hinzu!

MARC

LEADER 00000nla$a2200000$$$4500
001 0119787
005 20240502083311.3
041 0 |a slo 
044 |a CZ 
245 1 0 |a Aspekty využitia informačných a komunikačných technológií ako faktory rozvoja ekonomiky i celej spoločnosti  |c Dana Benešová 
520 |a Politika informatizácie spoločnosti v EÚ. Prínosy vyplývajúce z využitia IKT. Úroveň elektronického podnikania a elektronickej verejnej správy v krajinách EÚ. Aspekty ovplyvňujúce adaptáciu a intenzívnejšie využitie IKT v podnikoch a v celej spoločnosti. Úroveň digitalizácie ekonomík členských krajín sa javí ako rozhodujúci faktor rozvoja nielen ekonomiky, ale i celej spoločnosti. 
610 2 0 |a informatizácia 
610 2 0 |a digitalizácia 
610 2 0 |a technológie informačné 
610 2 0 |a technológie komunikačné 
610 2 0 |a podnikanie elektronické 
610 2 0 |a správa verejná elektronická 
610 2 0 |a Európska únia 
100 1 |a Benešová, Dana, 1958-